[Event "Olympiad-45"]
[Site "Budapest"]
[Date "2024.09.19"]
[Round "8.3"]
[White "Sjugirov, Sanan"]
[Black "Sargissian, Gabriel"]
[Result "1/2-1/2"]
[WhiteElo "2644"]
[BlackElo "2646"]
[PlyCount "75"]
[EventDate "2024.09.11"]
[EventType "team-swiss"]
[EventRounds "11"]
[EventCountry "HUN"]
[SourceTitle "EXT 2025"]
[Source "ChessBase"]
[SourceDate "2024.10.14"]
[SourceVersion "1"]
[SourceVersionDate "2024.10.14"]
[SourceQuality "1"]
[WhiteTeam "Hungary"]
[BlackTeam "Armenia"]
[WhiteTeamCountry "HUN"]
[BlackTeamCountry "ARM"]

1. e4 e5 2. Nf3 Nc6 3. Bb5 a6 4. Ba4 Nf6 5. 0-0 Be7 6. d3 b5 7. Bb3 d6 8. a4 Bd7 9. Nc3 Na5 10. Ba2 b4 11. Ne2 0-0 12. h3 c5 13. Ng3 Be6 14. Bxe6 fxe6 15. c3 Nc6 16. d4 cxd4 17. cxd4 exd4 18. Nxd4 Nxd4 19. Qxd4 a5 20. Be3 Qd7 21. Rfd1 Qb7 22. Rac1 Rfc8 23. e5 Rxc1 24. Rxc1 dxe5 25. Qxe5 Qd5 26. Qxd5 Nxd5 27. Bd4 Rd8 28. Rc4 Bf6 29. Bxf6 Nxf6 30. Ne4 Nxe4 31. Rxe4 Rd1+ 32. Kh2 Rd2 33. Rxe6 Rxb2 34. Re5 Rxf2 35. Rxa5 Ra2 36. Ra6 b3 37. Rb6 Rxa4 38. Rxb3 1/2-1/2

[Event "Teplice op 17th"]
[Site "Teplice"]
[Date "2024.06.22"]
[Round "8"]
[White "Mikhalevski, Victor"]
[Black "Sargissian, Gabriel"]
[Result "1/2-1/2"]
[WhiteElo "2496"]
[BlackElo "2660"]
[PlyCount "61"]
[EventDate "2024.06.15"]
[EventType "swiss"]
[EventRounds "9"]
[EventCountry "CZE"]
[SourceTitle "CBM 220 Extra"]
[Source "ChessBase"]
[SourceDate "2024.07.31"]
[SourceVersion "1"]
[SourceVersionDate "2024.07.31"]
[SourceQuality "1"]

1. c4 e6 2. g3 d5 3. Bg2 Nf6 4. Nf3 Be7 5. 0-0 0-0 6. b3 c5 7. cxd5 Nxd5 8. Bb2 Nc6 9. d4 cxd4 10. Nxd4 Nxd4 11. Qxd4 Bf6 12. Qd2 Nf4 13. gxf4 Qxd2 14. Nxd2 Bxb2 15. Rab1 Bf6 16. Ne4 Be7 17. Rfd1 Rb8 18. Rbc1 g6 19. Nc5 Rd8 20. Rxd8+ Bxd8 21. Rd1 Bb6 22. b4 Kf8 23. e3 Ke7 24. Rc1 a5 25. a3 Bxc5 26. Rxc5 axb4 27. axb4 Kd6 28. e4 Ra8 29. e5+ Kd7 30. Ra5 Rxa5 31. bxa5 1/2-1/2

[Event "Teplice op 17th"]
[Site "Teplice"]
[Date "2024.06.18"]
[Round "4"]
[White "Pham, Tran Gia Phuc"]
[Black "Sargissian, Gabriel"]
[Result "1/2-1/2"]
[WhiteElo "2444"]
[BlackElo "2660"]
[PlyCount "93"]
[EventDate "2024.06.15"]
[EventType "swiss"]
[EventRounds "9"]
[EventCountry "CZE"]
[SourceTitle "CBM 220 Extra"]
[Source "ChessBase"]
[SourceDate "2024.07.31"]
[SourceVersion "1"]
[SourceVersionDate "2024.07.31"]
[SourceQuality "1"]

1. Nf3 d5 2. g3 Nf6 3. Bg2 e6 4. 0-0 Be7 5. d3 0-0 6. Bf4 b6 7. c4 Bb7 8. Nc3 c5 9. e4 d4 10. Nb1 Nfd7 11. e5 b5 12. cxb5 a6 13. Na3 Nb6 14. h4 N8d7 15. Re1 Nd5 16. Bg5 Nb4 17. bxa6 Rxa6 18. Bxe7 Qxe7 19. Nc4 Bd5 20. a3 Bxc4 21. dxc4 Nc6 22. Qd3 h6 23. Qe4 Rb8 24. b4 cxb4 25. axb4 Rxa1 26. Rxa1 Nxb4 27. Nxd4 Qc5 28. Ra8 Qxc4 29. Rxb8+ Nxb8 30. Qb7 Qxd4 31. Qxb8+ Kh7 32. Qb7 Nd5 33. Qxf7 Qxe5 34. Bh3 Qf6 35. Bxe6 Qxf7 36. Bxf7 Nc7 37. h5 Nb5 38. Kg2 Nd6 39. Ba2 g5 40. hxg6+ Kxg6 41. Kf3 Kg5 42. Be6 Kf6 43. Bd7 Ke5 44. Kg4 Ne4 45. f4+ Kf6 46. Bc6 Nd6 47. Kh5 1/2-1/2

[Event "Teplice op 17th"]
[Site "Teplice"]
[Date "2024.06.17"]
[Round "3"]
[White "Sargissian, Gabriel"]
[Black "Baum, Jonasz"]
[Result "1-0"]
[WhiteElo "2660"]
[BlackElo "2412"]
[PlyCount "85"]
[EventDate "2024.06.15"]
[EventType "swiss"]
[EventRounds "9"]
[EventCountry "CZE"]
[SourceTitle "CBM 220 Extra"]
[Source "ChessBase"]
[SourceDate "2024.07.31"]
[SourceVersion "1"]
[SourceVersionDate "2024.07.31"]
[SourceQuality "1"]

1. d4 Nf6 2. c4 e6 3. Nc3 d5 4. cxd5 exd5 5. Bg5 c6 6. e3 h6 7. Bh4 Be7 8. Bd3 0-0 9. Nge2 Re8 10. 0-0 a5 11. a3 Nbd7 12. Qc2 b5 13. Kh1 Bb7 14. Ng1 Ne4 15. Bxe7 Qxe7 16. Nf3 f5 17. Ne2 Rf8 18. Nf4 Qd6 19. Ne5 g5 20. Nxd7 Qxd7 21. Ng6 Rf6 22. Ne5 Qe8 23. f4 Qh5 24. Bxe4 fxe4 25. fxg5 Qxg5 26. Rxf6 Qxf6 27. Qe2 Qg7 28. Rf1 Rf8 29. Rxf8+ Kxf8 30. Qe1 a4 31. Qb4+ Kg8 32. Qd6 Kh7 33. h3 Qg3 34. Qd7+ Qg7 35. Qf5+ Kg8 36. Qe6+ Kh7 37. Kg1 Qg5 38. Qf7+ Qg7 39. Qf5+ Kg8 40. Qe6+ Kh7 41. h4 Qg3 42. Qf5+ Kh8 43. Ng6+ 1-0

[Event "Teplice op 17th"]
[Site "Teplice"]
[Date "2024.06.16"]
[Round "2"]
[White "Kuru, Atilla"]
[Black "Sargissian, Gabriel"]
[Result "0-1"]
[WhiteElo "2314"]
[BlackElo "2660"]
[PlyCount "64"]
[EventDate "2024.06.15"]
[EventType "swiss"]
[EventRounds "9"]
[EventCountry "CZE"]
[SourceTitle "CBM 220 Extra"]
[Source "ChessBase"]
[SourceDate "2024.07.31"]
[SourceVersion "1"]
[SourceVersionDate "2024.07.31"]
[SourceQuality "1"]

1. e4 e5 2. Nf3 Nc6 3. Nc3 Nf6 4. h3 Bb4 5. Nd5 Bc5 6. c3 0-0 7. d3 h6 8. Be2 Re8 9. 0-0 Nxd5 10. exd5 Nb8 11. Re1 d6 12. d4 exd4 13. b4 Bb6 14. Nxd4 Nd7 15. Be3 Ne5 16. Qd2 Qf6 17. a4 a5 18. Nb3 Bxe3 19. Qxe3 Bd7 20. Qd4 axb4 21. Qxb4 b6 22. a5 bxa5 23. Nxa5 Ng6 24. Bf1 Qg5 25. g3 Rxe1 26. Rxe1 Qxd5 27. Ra1 Bc6 28. Nxc6 Rxa1 29. Nd4 c5 30. Qb8+ Kh7 31. Nc2 Rxf1+ 32. Kxf1 Qd3+ 0-1